Miraculous - Les super-vilains - Statistiques

Statistiques générales
  • Ce quiz a été pris 948 fois
    722 depuis la dernière actualisation
  • Le résultat moyen est 45 sur 106
Statistiques - réponses
Super-vilain(e) Akumatisé(e) % Correct
Bulleur Nino Lahiffe
82%
Chat Blanc Adrien Agreste
76%
Lady Wifi Alya Césaire
74%
Volpina Lila Rossi
71%
Dessinateur Nathaniel Kurtzberg
70%
Antibug Chloé Bourgeois
69%
Collectionneur Gabriel Agreste
69%
Boulangerix Rolland Dupain
68%
Anansi Nora Césaire
67%
Climatika Aurore Beauréale
67%
Béfana Gina Dupain
64%
Chronogirl Alix Kubdel
63%
Marionnettiste Manon Chamack
62%
Cœur de Pierre Ivan Bruel
61%
Papa Garou Tom Dupain
60%
Reflekta Juleka Couffaine
60%
Zombizou Caline Bustier
60%
Audimatrix Nadja Chamack
59%
Invisible Sabrina Raincomprix
59%
Hibou Noir Denis Damoclès
58%
Animan Otis Césaire
57%
Caméléon Lila Rossi
57%
Dislocœur Kim Ature
57%
Gamer Max Kanté
56%
Silence Luka Couffaine
56%
Chevalier Noir Armand d'Argencourt
55%
Oblivio Alya Césaire, Nino Lahiffe
55%
Vérité Luka Couffaine
54%
Horrificator Mylène Haprèle
53%
Pire Noël Père Noël
53%
Queen Wasp Chloé Bourgeois
53%
Animaestro Thomas Astruc
52%
Glaciator André
52%
Princesse Fragrance Rose Lavillant
52%
Rogercop Roger Raincomprix
52%
Chasseuse de Kwamis Olga Mendeleïev
51%
Mangeamour André Bourgeois, Audrey Bourgeois
51%
Pirkell Zoé Lee
51%
Riposte Kagami Tsurugi
50%
Sapotis Ella Césaire, Etta Césaire
50%
Pharaon Jalil Kubdel
49%
Rossignoble Clara Rossignol
49%
Timetagger Noël Lahiffe (du futur)
48%
Mensonge Kagami Tsurugi
47%
M. Pigeon Xavier Ramier
47%
Syren Ondine
47%
Mime Fred Haprèle
45%
Capitaine Hardrock Anarka Couffaine
44%
Inverso Marc Anciel
44%
Queen Banana Chloé Bourgeois
44%
Style Queen Audrey Bourgeois
44%
Guitar Vilain Jagged Stone
43%
Maître Noël Noël Lahiffe
43%
Risque Grenouille
42%
Startrain Claudie Kanté
42%
Catalyste Nathalie Sancœur
41%
Éphémère Adrien Agreste
41%
Ikari Gozen Tomoe Tsurugi
41%
Imposteur Théo Barbot
41%
Larme Ultime Nino Lahiffe
41%
Miraculeur Sabrina Raincomprix
41%
Robostus Markov
41%
Gigantitan Auguste
40%
Fu Furieux Wang Fu
39%
Insaisissable Penny Rolling
39%
Marchand de Sable Petit garçon
39%
Miracle Queen Chloé Bourgeois
39%
Maledikteur André Bourgeois
38%
Oni-Chan Kagami Tsurugi
38%
Kung Food Wang Cheng
37%
Doudou Vilain Jean
36%
Patineur Philippe Candeloro
36%
Qilin Sabine Dupain-Cheng
36%
Rena Rage Alya Césaire
34%
Simplificator Rolland Dupain
34%
Carapire Nino Lahiffe
33%
Festin Sentimonstre
33%
Rebrousse-Temps Marianne Lenoir
33%
Safari Nathalie Sancœur
33%
Trouble Fête Wayhem
33%
Exauceur Alec Cataldi
32%
Numéric Vincent Asa
32%
Desperada Vivica
31%
Jackady Jacques Grimault
31%
Gorizilla "Le Gorille"
30%
Pire que Pirkell Chloé Bourgeois
29%
Psycomédien Harry Clown
29%
Penalty Chloé Bourgeois
28%
Disque d'Or Bob Roth
26%
Infox Lila Rossi
25%
Kikou Kouki
25%
Grand Duc Denis Damoclès
22%
Riposte Prime Kagami Tsurugi
22%
Dismoqueur Kim Ature
19%
Mademoiselle Sans-Culotte Caline Bustier
18%
Psycauchemardeur Gabriel Agreste
18%
Bugfighter ADA
17%
Manipula Véronique
17%
Reine Maire Chloé Bourgeois
17%
Roi Argent Cash
13%
Matagi Gozen Tomoe Tsurugi
11%
Ryukomori Kagami Tsurugi
11%
Magicien Maléfique Jean Duparc
10%
Pognak Bob Roth
10%
Technolizer Mike Rochip
6%
Yan Woshi Mei Shi
4%
Aucun quiz correspondant
Distribution des résultats
% des personnes avec chaque résultat
Percentile par nombre de réponses
Votre historique - résultats
Vous n’avez pas pris ce quiz depuis la dernière actualisation